[Event "Criciuma op-B"]
[Site "Criciuma"]
[Date "2024.01.18"]
[Round "9"]
[White "Milkievicz Da Rocha, Mateus"]
[Black "Ramos, Beatriz Sulzbacher"]
[Result "1-0"]
[WhiteElo "1468"]
[BlackElo "1790"]
[PlyCount "43"]
[EventDate "2024.01.12"]
[EventType "swiss"]
[EventRounds "9"]
[EventCountry "BRA"]
[SourceTitle "CB04_2024"]
[SourceDate "2023.10.16"]
[SourceVersion "1"]
[SourceVersionDate "2023.10.16"]
[SourceQuality "1"]

1. e4 e5 2. Nf3 Nc6 3. Bc4 Be7 4. 0-0 Nf6 5. d3 0-0 6. a3 d6 7. h3 Kh8 8. Ng5 d5 9. exd5 Nxd5 10. Qh5 Bxg5 11. Bxg5 f6 12. Be3 Nxe3 13. fxe3 Ne7 14. Nc3 b6 15. Rad1 c5 16. Ne4 Qc7 17. Ng5 h6 18. Nf7+ Kh7 19. Rxf6 Nf5 20. Qg6+ Kg8 21. Nxh6+ Kh8 22. Rxf8# 1-0

[Event "Criciuma op-B"]
[Site "Criciuma"]
[Date "2024.01.15"]
[Round "5"]
[White "Milkievicz Da Rocha, Mateus"]
[Black "Dos Santos, Gabriel Conte"]
[Result "0-1"]
[WhiteElo "1468"]
[BlackElo "1552"]
[PlyCount "46"]
[EventDate "2024.01.12"]
[EventType "swiss"]
[EventRounds "9"]
[EventCountry "BRA"]
[SourceTitle "CB04_2024"]
[SourceDate "2023.10.16"]
[SourceVersion "1"]
[SourceVersionDate "2023.10.16"]
[SourceQuality "1"]

1. e4 e5 2. Nf3 Nc6 3. Bc4 Bc5 4. 0-0 Nf6 5. b4 Bxb4 6. c3 Bd6 7. Re1 0-0 8. d4 h6 9. Bb5 Re8 10. Nbd2 Nh5 11. Bxc6 bxc6 12. Nxe5 Bxe5 13. Qxh5 Bf4 14. Nf3 Bxc1 15. Raxc1 d5 16. Ne5 Qf6 17. Re3 dxe4 18. Rg3 Qf4 19. Re1 Re6 20. Rg4 Rxe5 21. Rxf4 Rxh5 22. Rfxe4 Be6 23. f4 Kf8 0-1